MARC details
| 000 -LEADER |
| fixed length control field |
01623cam a22003615i 4500 |
| 001 - CONTROL NUMBER |
| control field |
709848 |
| 003 - CONTROL NUMBER IDENTIFIER |
| control field |
EG-ScBUE |
| 005 - DATE AND TIME OF LATEST TRANSACTION |
| control field |
20250806085947.0 |
| 008 - FIXED-LENGTH DATA ELEMENTS--GENERAL INFORMATION |
| fixed length control field |
970715t1998 nyua f b 001 0 eng d |
| 020 ## - INTERNATIONAL STANDARD BOOK NUMBER |
| International Standard Book Number |
0471189715 |
| 020 ## - INTERNATIONAL STANDARD BOOK NUMBER |
| International Standard Book Number |
9780471189718 |
| 040 ## - CATALOGING SOURCE |
| Original cataloging agency |
EG-ScBUE |
| Language of cataloging |
eng |
| Description conventions |
rda |
| Transcribing agency |
EG-ScBUE |
| Modifying agency |
EG-ScBUE |
| 082 04 - DEWEY DECIMAL CLASSIFICATION NUMBER |
| Edition number |
22 |
| Classification number |
546.6 |
| Item number |
RAO |
| 100 1# - MAIN ENTRY--PERSONAL NAME |
| Personal name |
Rao, C. N. R. |
| Fuller form of name |
(Chintamani Nagesa Ramachandra), |
| Dates associated with a name |
1934- |
| Relator term |
author. |
| 245 10 - TITLE STATEMENT |
| Title |
Transition metal oxides : |
| Remainder of title |
structure, properties, and synthesis of ceramic oxides / |
| Statement of responsibility, etc |
C. N. R. Rao, CSIR Center of Excellence in Chemistry, Indian Institute of Science and Jawaharlal Nehru Center for Advanced Scientific Research, Bangalore, India, B. Raveau, Laboratoire CRISMAT, Center des Matériaux Supraconducteurs Caen, France. |
| 250 ## - EDITION STATEMENT |
| Edition statement |
Second edition. |
| 264 #1 - PUBLICATION, DISTRIBUTION, ETC. (IMPRINT) |
| Place of publication, distribution, etc |
New York : |
| Name of publisher, distributor, etc |
Wiley-VCH, |
| Date of publication, distribution, etc |
[1998] |
| 264 #4 - PUBLICATION, DISTRIBUTION, ETC. (IMPRINT) |
| Date of publication, distribution, etc |
c1998 |
| 300 ## - PHYSICAL DESCRIPTION |
| Extent |
xi, 373 pages : |
| Other physical details |
illustrations ; |
| Dimensions |
25 cm |
| 336 ## - CONTENT TYPE |
| Source |
rdacontent |
| Content type term |
text |
| Content type code |
txt |
| 337 ## - MEDIA TYPE |
| Media type term |
unmediated |
| Source |
rdamedia |
| Media type code |
n |
| 338 ## - CARRIER TYPE |
| Carrier type term |
volume |
| Carrier type code |
nc |
| Source |
rdacarrier |
| 504 ## - BIBLIOGRAPHY, ETC. NOTE |
| Bibliography, etc |
Includes bibliographical references and index. |
| 650 #7 - SUBJECT ADDED ENTRY--TOPICAL TERM |
| Topical term or geographic name as entry element |
Transition metal oxides. |
| Source of heading or term |
BUEsh |
| 653 ## - INDEX TERM--UNCONTROLLED |
| Resource For college |
Generalities |
| Arrived date list |
March2018 |
| 655 ## - INDEX TERM--GENRE/FORM |
| Form subdivision |
Reading book |
| 700 1# - ADDED ENTRY--PERSONAL NAME |
| Personal name |
Raveau, B. |
| Fuller form of name |
(Bernard), |
| Dates associated with a name |
1940- |
| Relator term |
author. |
| 700 1# - ADDED ENTRY--PERSONAL NAME |
| Personal name |
Raveau, B. |
| Fuller form of name |
(Bernard), |
| Dates associated with a name |
1940- |
| Relator term |
author. |
| 856 42 - ELECTRONIC LOCATION AND ACCESS |
| Materials specified |
Contributor biographical information |
| Uniform Resource Identifier |
<a href="http://www.loc.gov/catdir/bios/wiley042/97033008.html">http://www.loc.gov/catdir/bios/wiley042/97033008.html</a> |
| 856 42 - ELECTRONIC LOCATION AND ACCESS |
| Materials specified |
Publisher description |
| Uniform Resource Identifier |
<a href="http://www.loc.gov/catdir/description/wiley033/97033008.html">http://www.loc.gov/catdir/description/wiley033/97033008.html</a> |
| 856 4# - ELECTRONIC LOCATION AND ACCESS |
| Materials specified |
Table of Contents |
| Uniform Resource Identifier |
<a href="http://www.loc.gov/catdir/toc/onix04/97033008.html">http://www.loc.gov/catdir/toc/onix04/97033008.html</a> |
| 942 ## - ADDED ENTRY ELEMENTS (KOHA) |
| Source of classification or shelving scheme |
Dewey Decimal Classification |
| Koha item type |
Book - Borrowing |